[Event "DEM U16 2020"]
[Site "Willingen GER"]
[Date "2020.10.23"]
[Round "5"]
[White "Zackrisson, Peter"]
[Black "Reimer, Philip"]
[Result "0-1"]
[Termination "normal"]
[Board "11"]
[WhiteElo "1947"]
[BlackElo "1984"]
[WhiteClock "00:03:19"]
[BlackClock "00:03:12"]
[PlyCount "70"]
[WhiteFideId "16282078"]
[BlackFideId "16235860"]
[EventCountry "GER"]
[EventRounds "7"]
[EventType "swiss"]
[EventDate "2020.10.19"]

1. e4 {[%clk 1:30:55]} c5 {[%clk 1:30:56]} 2. Nf3 {[%clk 1:30:53]} Nc6 {[%clk
1:31:22]} 3. d4 {[%clk 1:31:11]} cxd4 {[%clk 1:31:48]} 4. Nxd4 {[%clk 1:31:27]}
Nf6 {[%clk 1:32:13]} 5. Nc3 {[%clk 1:31:42]} e5 {[%clk 1:32:38]} 6. Ndb5 {[%clk
1:31:58]} d6 {[%clk 1:33:01]} 7. Bg5 {[%clk 1:32:07]} a6 {[%clk 1:33:26]} 8.
Na3 {[%clk 1:32:28]} b5 {[%clk 1:33:53]} 9. Nd5 {[%clk 1:32:47]} Be7 {[%clk
1:34:15]} 10. Bxf6 {[%clk 1:33:08]} Bxf6 {[%clk 1:34:42]} 11. c3 {[%clk
1:33:24]} O-O {[%clk 1:35:08]} 12. Nc2 {[%clk 1:33:44]} Rb8 {[%clk 1:35:34]}
13. Bd3 {[%clk 1:28:53]} Bg5 {[%clk 1:35:33]} 14. h4 {[%clk 1:29:03]} Bh6
{[%clk 1:35:08]} 15. Nce3 {[%clk 1:29:21]} Be6 {[%clk 1:28:55]} 16. Bc2 {[%clk
1:28:28]} b4 {[%clk 1:24:16]} 17. Ba4 {[%clk 1:22:41]} Ne7 {[%clk 1:15:26]} 18.
Nxb4 {[%clk 1:16:21]} Bxe3 {[%clk 1:14:18]} 19. fxe3 {[%clk 1:16:41]} a5 {[%clk
1:10:47]} 20. Nd3 {[%clk 1:13:56]} f5 {[%clk 1:10:06]} 21. Qd2 {[%clk 0:33:38]}
fxe4 {[%clk 1:03:29]} 22. Nf2 {[%clk 0:33:59]} d5 {[%clk 0:59:51]} 23. O-O-O
{[%clk 0:34:03]} Qb6 {[%clk 0:57:35]} 24. g4 {[%clk 0:26:43]} Kh8 {[%clk
0:35:18]} 25. Rdg1 {[%clk 0:24:24]} d4 26. Nd1 dxc3 {[%clk 0:20:33]} 27. Nxc3
{[%clk 0:21:06]} Rfd8 {[%clk 0:20:27]} 28. Qf2 {[%clk 0:12:32]} Rd3 {[%clk
0:19:47]} 29. Nd1 {[%clk 0:12:17]} Nd5 {[%clk 0:11:55]} 30. Bc2 {[%clk
0:06:34]} Nb4 {[%clk 0:11:38]} 31. Kb1 {[%clk 0:04:11]} Rc8 {[%clk 0:08:43]}
32. Nc3 {[%clk 0:03:00]} Rdxc3 {[%clk 0:08:55]} 33. Bxe4 {[%clk 0:02:59]} Bxa2+
{[%clk 0:08:49]} 34. Ka1 {[%clk 0:03:24]} Qxe3 {[%clk 0:05:28]} 35. Qf5 {[%clk
0:03:19]} Bg8 {[%clk 0:03:12]} 0-1

[Event "DEM U16 2020"]
[Site "Willingen GER"]
[Date "2020.10.23"]
[Round "5"]
[White "Khachatryan, Taron"]
[Black "Lohr, Maximilian"]
[Result "1/2-1/2"]
[Termination "normal"]
[Board "12"]
[WhiteElo "2136"]
[BlackElo "2108"]
[WhiteClock "00:48:49"]
[BlackClock "00:19:56"]
[PlyCount "63"]
[WhiteFideId "16216598"]
[BlackFideId "12999717"]
[EventCountry "GER"]
[EventRounds "7"]
[EventType "swiss"]
[EventDate "2020.10.19"]

1. d4 {[%clk 1:30:48]} d5 {[%clk 1:30:49]} 2. Nf3 {[%clk 1:31:00]} Nf6 {[%clk
1:31:06]} 3. c4 {[%clk 1:31:20]} e6 {[%clk 1:31:29]} 4. Nc3 {[%clk 1:31:40]}
Nc6 {[%clk 1:31:28]} 5. Bg5 {[%clk 1:31:37]} Be7 {[%clk 1:31:28]} 6. e3 {[%clk
1:31:57]} O-O {[%clk 1:31:35]} 7. cxd5 {[%clk 1:32:12]} exd5 {[%clk 1:29:54]}
8. Bd3 {[%clk 1:30:50]} h6 {[%clk 1:24:56]} 9. Bh4 {[%clk 1:29:17]} Ne4 {[%clk
1:18:18]} 10. Bxe7 {[%clk 1:25:31]} Nxc3 {[%clk 1:18:35]} 11. bxc3 {[%clk
1:25:37]} Nxe7 {[%clk 1:18:23]} 12. Rb1 {[%clk 1:25:26]} c6 {[%clk 1:17:55]}
13. O-O {[%clk 1:25:22]} Qc7 {[%clk 1:17:16]} 14. Qc2 {[%clk 1:25:08]} g6
{[%clk 1:16:01]} 15. Rfc1 {[%clk 1:23:04]} Bf5 {[%clk 1:14:10]} 16. Ne5 {[%clk
1:22:41]} Kg7 {[%clk 1:09:36]} 17. Bxf5 {[%clk 1:15:58]} Nxf5 {[%clk 1:09:58]}
18. c4 {[%clk 1:16:16]} dxc4 {[%clk 1:06:57]} 19. Qxc4 {[%clk 1:16:10]} Rab8
{[%clk 1:06:45]} 20. Qd5 {[%clk 1:09:06]} Rfd8 {[%clk 1:02:42]} 21. Qf3 {[%clk
1:04:58]} h5 {[%clk 0:46:15]} 22. Qf4 {[%clk 1:04:48]} Qd6 {[%clk 0:42:28]} 23.
h3 {[%clk 1:01:08]} f6 {[%clk 0:35:03]} 24. Nd3 {[%clk 1:01:12]} Qxf4 {[%clk
0:35:01]} 25. Nxf4 {[%clk 1:01:41]} Kf7 {[%clk 0:35:13]} 26. d5 {[%clk
1:01:15]} Ne7 {[%clk 0:35:14]} 27. dxc6 {[%clk 0:55:15]} Nxc6 {[%clk 0:35:23]}
28. Rb3 {[%clk 0:54:36]} h4 {[%clk 0:27:32]} 29. Nd3 {[%clk 0:53:19]} g5 {[%clk
0:21:24]} 30. Kf1 {[%clk 0:51:13]} Rd6 {[%clk 0:19:53]} 31. Ke2 {[%clk
0:48:49]} Kg6 {[%clk 0:19:56]} 32. Nc5 1/2-1/2